[Event "Wch Seniors 65 29th"]
[Site "Bucharest"]
[Date "2019.11.22"]
[Round "10"]
[White "Bohlin, Jan"]
[Black "Hlinschi, Mihai"]
[Result "1-0"]
[WhiteElo "1799"]
[BlackElo "1425"]
[PlyCount "111"]
[EventDate "2019.11.12"]
[EventType "swiss"]
[EventRounds "11"]
[EventCountry "ROU"]
[SourceTitle "CBM 193 Extra"]
[Source "ChessBase"]
[SourceDate "2020.01.31"]
[SourceVersion "1"]
[SourceVersionDate "2020.01.31"]
[SourceQuality "1"]

1. c4 e5 2. Nc3 c6 3. Nf3 d6 4. d4 f6 5. g3 g6 6. Bg2 Bg7 7. 0-0 Ne7 8. b3 0-0 9. Bb2 Na6 10. Qd2 Nc7 11. Rfd1 Qe8 12. Ba3 Nf5 13. dxe5 fxe5 14. Ne4 c5 15. e3 Qc6 16. Nfg5 Qa6 17. Bb2 h6 18. Nf3 Ne8 19. h3 h5 20. Nfg5 Bh6 21. Qd5+ Kg7 22. Ne6+ Bxe6 23. Qxe6 Nc7 24. Qd7+ Rf7 25. Qa4 Qxa4 26. bxa4 Ne8 27. g4 hxg4 28. hxg4 Nh4 29. Nxd6 Nxd6 30. Bxe5+ Kh7 31. Rxd6 Nxg2 32. Kxg2 Re8 33. Rd5 Ref8 34. Bg3 b6 35. Rad1 Bg7 36. Rd7 Bc3 37. Rxf7+ Rxf7 38. Rd5 Bf6 39. Rd6 Bc3 40. Rc6 Kg7 41. Rc7 Rxc7 42. Bxc7 Ba5 43. Kf3 Kf6 44. Ke4 Ke6 45. f4 a6 46. f5+ gxf5+ 47. gxf5+ Kd7 48. Be5 Bd2 49. Kd3 Ba5 50. Bc3 Bxc3 51. Kxc3 Kd6 52. Kb3 a5 53. Kc3 Ke5 54. e4 Kf6 55. Kd3 Ke5 56. Ke3 1-0

[Event "Wch Seniors 65 29th"]
[Site "Bucharest"]
[Date "2019.11.18"]
[Round "6"]
[White "Levin, Evgeny"]
[Black "Hlinschi, Mihai"]
[Result "1-0"]
[WhiteElo "1707"]
[BlackElo "1425"]
[PlyCount "101"]
[EventDate "2019.11.12"]
[EventType "swiss"]
[EventRounds "11"]
[EventCountry "ROU"]
[SourceTitle "CBM 193 Extra"]
[Source "ChessBase"]
[SourceDate "2020.01.31"]
[SourceVersion "1"]
[SourceVersionDate "2020.01.31"]
[SourceQuality "1"]

1. Nf3 d5 2. d4 f5 3. c4 e6 4. Nc3 c6 5. cxd5 exd5 6. e3 Nf6 7. Be2 Bd6 8. Ne5 Bxe5 9. dxe5 Ne4 10. 0-0 0-0 11. f3 Ng5 12. h4 Nf7 13. f4 Qxh4 14. Rf3 Qe7 15. b3 Be6 16. a4 a5 17. Ba3 c5 18. Nxd5 Qd8 19. Bc4 b6 20. Rg3 Kh8 21. Qf3 Ra7 22. Rh3 Rd7 23. Nf6 gxf6 24. Bxe6 fxe5 25. Qh5 Nd6 26. Bxd7 Qxd7 27. Bb2 Ne8 28. Bxe5+ Nf6 29. Qe2 Nc6 30. Bc3 Kg8 31. Qc4+ Qd5 32. Bxf6 Qxc4 33. bxc4 Rxf6 34. Rd1 h6 35. Rg3+ Kf7 36. Rd7+ Ne7 37. Rh3 Rg6 38. Kf2 Ke8 39. Rd2 Ng8 40. Rh1 Nf6 41. Ke1 Ne4 42. Rb2 Nc3 43. Kf2 Nxa4 44. Rb3 b5 45. Ra1 Nb6 46. Rxb5 Nxc4 47. Rxc5 Nd6 48. Re5+ Kf7 49. Rexa5 Ne4+ 50. Kg1 Nd6 51. Rd1 1-0

[Event "EU-ch Seniors 11th"]
[Site "Courmayeur"]
[Date "2011.04.13"]
[Round "8"]
[White "Hlinschi, Mihai"]
[Black "Kayaman, Metin"]
[Result "0-1"]
[WhiteElo "1702"]
[BlackElo "1973"]
[PlyCount "76"]
[EventDate "2011.04.06"]
[EventType "swiss"]
[EventRounds "9"]
[EventCountry "ITA"]
[SourceTitle "CBM 141 Extra"]
[Source "ChessBase"]
[SourceDate "2011.05.03"]
[SourceVersion "1"]
[SourceVersionDate "2011.05.03"]
[SourceQuality "1"]

1. e4 e5 2. Nf3 Nc6 3. Nc3 Nf6 4. Be2 Bb4 5. d3 d6 6. h3 h6 7. 0-0 Be6 8. Be3 0-0 9. a3 Ba5 10. b4 Bb6 11. d4 exd4 12. Nxd4 Nxd4 13. Bxd4 Re8 14. Bf3 c5 15. bxc5 dxc5 16. Be3 Bc4 17. Re1 Ba5 18. Bd2 Qd4 19. e5 Nh7 20. Re4 Bxc3 21. Rxd4 Bxd4 22. c3 Bxe5 23. Bxb7 Rab8 24. Bf3 Red8 25. Qe1 Bf6 26. Be3 Rb3 27. Bxc5 Bxc3 28. Qe7 Bf6 29. Qc7 Be6 30. Rc1 Ng5 31. Bd1 Rbd3 32. Be2 Rd2 33. Kf1 Bb2 34. Rc2 Be5 35. Qe7 Bf6 36. Qxa7 Rxc2 37. Be3 Rxe2 38. Kxe2 Bc4+ 0-1

[Event "Felix Cup 22nd"]
[Site "Felix Spa"]
[Date "2007.05.26"]
[Round "3"]
[White "Hlinschi, Mihai"]
[Black "Bucur, Sorin"]
[Result "1-0"]
[WhiteElo "1808"]
[BlackElo "2096"]
[PlyCount "77"]
[EventDate "2007.05.25"]
[EventType "swiss"]
[EventRounds "9"]
[EventCountry "ROU"]
[SourceTitle "CBM 118 Extra"]
[Source "ChessBase"]
[SourceDate "2007.07.04"]
[SourceVersion "1"]
[SourceVersionDate "2007.07.04"]
[SourceQuality "1"]

1. e4 Nf6 2. Nc3 d6 3. Bc4 g6 4. Nf3 Bg7 5. 0-0 0-0 6. Re1 c5 7. d4 cxd4 8. Nxd4 Nc6 9. h3 Bd7 10. f4 Qb6 11. Be3 Qc7 12. Nf3 a6 13. a3 b5 14. Ba2 Na5 15. e5 dxe5 16. fxe5 Ne8 17. Nd5 Qb7 18. Nxe7+ Kh8 19. Bd5 Bc6 20. Nxc6 Nxc6 21. Nd4 Rc8 22. Nxc6 Rxc6 23. Bc5 Qc8 24. Bxc6 Qxc6 25. Bxf8 Bxf8 26. Qd8 Qc5+ 27. Kh1 Nc7 28. b4 Qe7 29. Rad1 Ne6 30. Qxe7 Bxe7 31. Rd7 Bh4 32. Rf1 Kg7 33. Rfxf7+ Kh6 34. Rxh7+ Kg5 35. Rhf7 Bg3 36. Rd3 Be1 37. g3 Kh6 38. Kg2 Ng5 39. Ra7 1-0

[Event "Felix Cup 22nd"]
[Site "Felix Spa"]
[Date "2007.05.25"]
[Round "1"]
[White "Hlinschi, Mihai"]
[Black "Grecescu, Gabriel Andrei"]
[Result "0-1"]
[WhiteElo "1808"]
[BlackElo "2348"]
[PlyCount "94"]
[EventDate "2007.05.25"]
[EventType "swiss"]
[EventRounds "9"]
[EventCountry "ROU"]
[SourceTitle "CBM 118 Extra"]
[Source "ChessBase"]
[SourceDate "2007.07.04"]
[SourceVersion "1"]
[SourceVersionDate "2007.07.04"]
[SourceQuality "1"]

1. e4 c5 2. Nf3 Nc6 3. Be2 g6 4. 0-0 Bg7 5. c3 e5 6. h3 Nge7 7. d3 d5 8. Qc2 0-0 9. Rd1 h6 10. Nbd2 Be6 11. Nf1 f5 12. a3 a5 13. Bd2 a4 14. Rac1 Qb6 15. Ne3 Na5 16. c4 d4 17. Nd5 Bxd5 18. Bxa5 Qxa5 19. cxd5 b6 20. Nd2 Qa6 21. Qc4 Nc8 22. Qxa6 Rxa6 23. Rc2 Bf6 24. g3 Nd6 25. Kg2 Kg7 26. h4 Be7 27. Rdc1 Nf7 28. h5 Bg5 29. Rh1 Bxd2 30. Rxd2 Nd6 31. hxg6 fxe4 32. dxe4 Nxe4 33. Bxa6 Nxd2 34. Re1 Nf3 35. Re4 Kxg6 36. Bd3 Kg7 37. Be2 Ng5 38. Rxe5 Rd8 39. Bc4 Nf7 40. Re7 Kf8 41. Rc7 Ne5 42. b3 d3 43. Kf1 b5 44. Rxc5 bxc4 45. bxc4 d2 46. Ke2 Nf3 47. Rc6 Nd4+ 0-1

[Event "Bucharest Revolution Memorial"]
[Site "Bucharest"]
[Date "2003.12.??"]
[Round "?"]
[White "Hlinschi, Mihai"]
[Black "Handrea, Bogdan"]
[Result "0-1"]
[WhiteElo "1966"]
[BlackElo "2185"]
[PlyCount "90"]
[EventDate "2003.12.??"]
[EventType "swiss"]
[EventRounds "7"]
[EventCountry "ROU"]
[SourceTitle "EXT 2008"]
[Source "ChessBase"]
[SourceDate "2007.11.25"]
[SourceVersion "1"]
[SourceVersionDate "2007.11.25"]
[SourceQuality "1"]

1. e4 c5 2. c4 Nc6 3. g3 d6 4. Bg2 g6 5. Ne2 Bg7 6. Nbc3 e6 7. 0-0 Nge7 8. h3 0-0 9. d3 f5 10. Be3 e5 11. Qd2 Be6 12. Nd5 Qd7 13. Kh2 fxe4 14. dxe4 Nd4 15. Nxd4 cxd4 16. Bg5 Nc6 17. b4 b6 18. a4 Nd8 19. a5 Bxd5 20. cxd5 Nf7 21. g4 Nxg5 22. Qxg5 bxa5 23. bxa5 Rf4 24. Qh4 Bf6 25. Qg3 Bd8 26. Qb3 Rc8 27. f3 Rc3 28. Qb8 Rf8 29. Qb4 Bc7 30. Qa4 Qxa4 31. Rxa4 Rb8 32. Rf2 g5 33. Kg3 Rbb3 34. Bf1 Ra3 35. Rxa3 Rxa3 36. a6 Ba5 37. Rb2 d3 38. Rb8+ Kf7 39. Rb7+ Kf6 40. Bxd3 Rxd3 41. Rxa7 Ra3 42. Rxh7 Ra2 43. h4 gxh4+ 44. Kh3 Be1 45. a7 Bg3 0-1

[Event "Revelionul Mileniului rapid"]
[Site "Revelionul"]
[Date "2000.??.??"]
[Round "?"]
[White "Hlinschi, Mihai"]
[Black "Economescu, Valentin"]
[Result "0-1"]
[WhiteElo "1775"]
[BlackElo "2115"]
[PlyCount "100"]
[EventDate "2000.??.??"]
[EventType "swiss"]
[EventRounds "7"]
[EventCountry "ROU"]
[SourceTitle "EXT 2004"]
[Source "ChessBase"]
[SourceDate "2003.11.25"]
[SourceVersion "1"]
[SourceVersionDate "2003.11.25"]
[SourceQuality "1"]

1. e4 c5 2. c4 Nc6 3. g3 g6 4. Bg2 Bg7 5. Nc3 e6 6. Nge2 Nge7 7. 0-0 0-0 8. d3 d6 9. h3 a6 10. a4 Rb8 11. Rb1 Nb4 12. d4 Nec6 13. d5 Ne5 14. b3 exd5 15. Nxd5 Nxd5 16. cxd5 b5 17. f4 Nd7 18. axb5 axb5 19. Bb2 f5 20. Bxg7 Kxg7 21. Qd3 fxe4 22. Bxe4 Nf6 23. g4 Nxe4 24. Qxe4 Re8 25. Qf3 Qe7 26. Ng3 Qe3+ 27. Qxe3 Rxe3 28. Kf2 Re8 29. Ra1 Bb7 30. Ra7 Kf8 31. Rd1 Re7 32. f5 Ra8 33. Rxa8+ Bxa8 34. fxg6 hxg6 35. Ne2 g5 36. Ng3 Re5 37. Nf5 Rxd5 38. Ra1 Bc6 39. Ra6 Bd7 40. Rxd6 Rxd6 41. Nxd6 Bc6 42. Ke3 Ke7 43. Ne4 Bxe4 44. Kxe4 Ke6 45. Kd3 Kd5 46. Ke3 Ke5 47. Kf3 c4 48. b4 Kd4 49. h4 gxh4 50. g5 Ke5 0-1

[Event "Centrocoop op"]
[Site "Eforie Nord"]
[Date "2000.??.??"]
[Round "?"]
[White "Hlinschi, Mihai"]
[Black "Grunberg, Florin"]
[Result "0-1"]
[WhiteElo "1775"]
[BlackElo "2295"]
[PlyCount "104"]
[EventDate "2000.??.??"]
[EventType "swiss"]
[EventRounds "9"]
[EventCountry "ROU"]
[SourceTitle "EXT 2004"]
[Source "ChessBase"]
[SourceDate "2003.11.25"]
[SourceVersion "1"]
[SourceVersionDate "2003.11.25"]
[SourceQuality "1"]

1. e4 Nf6 2. Nc3 d5 3. e5 Ne4 4. d4 Nxc3 5. bxc3 c5 6. f4 Nc6 7. Be3 Bf5 8. Bd3 Bxd3 9. cxd3 cxd4 10. cxd4 e6 11. Ne2 Bb4+ 12. Bd2 Qa5 13. a3 Bxd2+ 14. Qxd2 Rc8 15. Qxa5 Nxa5 16. Kf2 Kd7 17. Rhc1 a6 18. Ke3 b5 19. Rxc8 Rxc8 20. Rc1 Nb3 21. Rb1 Na5 22. Rc1 Rc6 23. g4 Nb7 24. h4 Kc7 25. Kd2 Na5 26. Rc3 Kb6 27. Nc1 Rxc3 28. Kxc3 Nc6 29. Ne2 a5 30. Kb3 g6 31. Kb2 h5 32. gxh5 gxh5 33. Ng3 Nxd4 34. Nxh5 Nf5 35. Kc3 Nxh4 36. Ng3 Ng6 37. Ne2 Kc5 38. d4+ Kb6 39. Kb3 Kc6 40. Kc3 Nh4 41. Ng3 Nf5 42. Ne2 Kb6 43. Kb3 Ne7 44. Kc3 Nc6 45. Kb3 a4+ 46. Kc3 Ka5 47. Ng3 Ne7 48. Ne2 Nf5 49. Nc1 Ne3 50. Kb2 b4 51. axb4+ Kxb4 52. Ne2 a3+ 0-1

[Event "Revelionul Mileniului rapid"]
[Site "Revelionul"]
[Date "2000.??.??"]
[Round "?"]
[White "Suciu, Dinu Simi"]
[Black "Hlinschi, Mihai"]
[Result "1/2-1/2"]
[WhiteElo "2240"]
[BlackElo "1775"]
[PlyCount "111"]
[EventDate "2000.??.??"]
[EventType "swiss"]
[EventRounds "7"]
[EventCountry "ROU"]
[SourceTitle "EXT 2004"]
[Source "ChessBase"]
[SourceDate "2003.11.25"]
[SourceVersion "1"]
[SourceVersionDate "2003.11.25"]
[SourceQuality "1"]

1. Nf3 d5 2. g3 Nc6 3. d4 g6 4. Bg2 Bg7 5. 0-0 Nf6 6. Nbd2 0-0 7. b3 b6 8. Bb2 Bb7 9. c4 e6 10. Rc1 Re8 11. a3 a5 12. Qc2 Rc8 13. Rfd1 Qe7 14. e4 dxe4 15. Nxe4 Nxe4 16. Qxe4 Nxd4 17. Qxb7 Nxf3+ 18. Bxf3 Bxb2 19. Rc2 Bxa3 20. Rcd2 Rcd8 21. Bc6 Rxd2 22. Rxd2 Rd8 23. Rxd8+ Qxd8 24. Qa8 Qxa8 25. Bxa8 Kf8 26. Kf1 Ke7 27. Ke2 Kd6 28. Kd3 Kc5 29. Bb7 e5 30. Bd5 f6 31. Bg8 h6 32. h4 g5 33. h5 Kb4 34. Kc2 f5 35. Bh7 f4 36. g4 Kc5 37. Be4 Kd4 38. f3 Kc5 39. Bd5 c6 40. Be4 Bb4 41. Kb2 Bd2 42. Kc2 Be3 43. Kb2 b5 44. cxb5 Kxb5 45. Ka2 c5 46. Kb2 Bd4+ 47. Kc2 Kb4 48. Bc6 c4 49. bxc4 Kxc4 50. Kb1 Kb3 51. Bd5+ Ka3 52. Be4 Kb3 53. Bd5+ Ka3 54. Ba2 a4 55. Bd5 Kb4 56. Ka2 1/2-1/2